| 000 | 00613nam a22001697a 4500 | ||
|---|---|---|---|
| 005 | 20251108165528.0 | ||
| 008 | 250721s1985 xx 000 0 ara d | ||
| 082 | 1 | 4 | _aم/300.3/مرج |
| 245 | 1 | 0 | _aالمرجع في مصطلحات العلوم الإجتماعية لطلاب قسم الإجتماع / |
| 264 | 1 |
_aالإسكندريه : _bدار المعرفة الجامعية، _c1985. |
|
| 300 | _a517ص | ||
| 500 | _aالكتاب باللغتين العربية و الإنجليزية | ||
| 650 | 1 | 7 | _aالعلوم الإجتماعية |
| 650 | 1 | 7 | _aالمعاجم |
| 942 |
_2ddc _cREF |
||
| 999 |
_c30046 _d30046 |
||